[Event "Первенство Москвы по шахматам среди маль"]
[Site "Москва"]
[Date "2016.11.12"]
[Round "1.7"]
[White "Rustamov, Sezqin"]
[Black "Zaitsev, Yuriy"]
[Result "0-1"]
[WhiteElo "1798"]
[BlackElo "1523"]
[PlyCount "68"]
[EventDate "2016.11.12"]

1. e4 e6 2. d4 d5 3. Nc3 Nf6 4. e5 Nfd7 5. Nce2 c5 6. c3 Nc6 7. Nf3 Qb6 8. a3
a5 9. Nf4 a4 10. Bd3 cxd4 11. cxd4 Nxd4 12. Ng5 Nb3 13. Nxf7 Kxf7 14. Qh5+ Kg8
15. Rb1 Ndc5 16. O-O Nxd3 17. Nxd3 g6 18. Qg5 Qc7 19. f4 Bg7 20. Nf2 Kf7 21.
Ng4 Qe7 22. Nf6 Bxf6 23. exf6 Qxf6 24. Qg3 Bd7 25. f5 exf5 26. Qc7 Qc6 27. Qf4
Rhe8 28. Qh4 Kg8 29. Bf4 Re4 30. Rbe1 Rxe1 31. Rxe1 Re8 32. Be5 Qc5+ 33. Kh1
Qe7 34. Qf4 d4 0-1

[Event "Первенство Москвы по шахматам среди маль"]
[Site "Москва"]
[Date "2016.11.12"]
[Round "1.8"]
[White "Kalita, Daniil"]
[Black "Makhlin, Miron"]
[Result "0-1"]
[WhiteElo "1520"]
[BlackElo "1777"]
[PlyCount "54"]
[EventDate "2016.11.12"]

1. d4 Nf6 2. Bg5 c5 3. Bxf6 exf6 4. Nf3 cxd4 5. Nxd4 Nc6 6. e3 Bc5 7. Nf5 O-O
8. Qg4 g6 9. Nd4 Bxd4 10. exd4 Re8+ 11. Be2 d5 12. Qg3 Nxd4 13. Nc3 Nxc2+ 14.
Kd2 Nxa1 15. Rxa1 d4 16. Nb1 Bf5 17. b4 d3 18. Bf3 Qd4 19. Nc3 Rac8 20. Rc1
Qxb4 21. Bxb7 Qb2+ 22. Kd1 d2 23. Qe3 Qxc1+ 24. Ke2 Rxe3+ 25. fxe3 Qe1+ 26. Kf3
Rxc3 27. g3 Qf1# 0-1

[Event "Первенство Москвы по шахматам среди маль"]
[Site "Москва"]
[Date "2016.11.12"]
[Round "1.9"]
[White "Pavlov, Mark"]
[Black "Girshgorn, Leonid"]
[Result "0-1"]
[WhiteElo "1734"]
[BlackElo "1518"]
[PlyCount "90"]
[EventDate "2016.11.12"]

1. d4 d5 2. c4 e6 3. Nf3 Nf6 4. g3 c6 5. Bg2 Bd6 6. O-O O-O 7. Nbd2 Nbd7 8. Qc2
Re8 9. e4 dxe4 10. Nxe4 Nxe4 11. Qxe4 Nf6 12. Qc2 h6 13. b3 Qc7 14. Bb2 Bd7 15.
Rad1 Rad8 16. a3 b5 17. Ne5 a6 18. Rc1 b4 19. a4 c5 20. Nxd7 Nxd7 21. d5 exd5
22. Bxd5 Be5 23. Bxe5 Rxe5 24. f4 Re3 25. Rfe1 Rc3 26. Qb2 Nf6 27. Rxc3 bxc3
28. Qxc3 Nxd5 29. cxd5 Rxd5 30. Re8+ Kh7 31. Qc2+ g6 32. Qe2 Qd7 33. Qe3 Rd1+
34. Kf2 Qh3 35. Qe2 Qxh2+ 36. Kf3 Qh1+ 37. Kf2 Qg1+ 38. Kf3 Rf1+ 39. Kg4 f5+
40. Kh3 Qh1+ 41. Qh2 Qf3 42. Re7+ Kg8 43. Re8+ Kf7 44. Re5 Qh5+ 45. Kg2 Rf2+
0-1

[Event "Первенство Москвы по шахматам среди маль"]
[Site "Москва"]
[Date "2016.11.12"]
[Round "1.10"]
[White "Efimov, Ivan"]
[Black "Timofeev, Lev"]
[Result "0-1"]
[WhiteElo "1486"]
[BlackElo "1714"]
[PlyCount "78"]
[EventDate "2016.11.12"]

1. Nf3 d5 2. g3 Nf6 3. Bg2 c6 4. O-O Bg4 5. d3 Nbd7 6. c3 e5 7. Bg5 Bd6 8. Qb3
Nc5 9. Qc2 Ne6 10. Bxf6 Qxf6 11. Nbd2 O-O 12. c4 Bb4 13. cxd5 cxd5 14. a3 Bxd2
15. Qxd2 Bxf3 16. Bxf3 Rad8 17. Qa5 Nd4 18. Qxa7 Rfe8 19. Qxb7 e4 20. dxe4 dxe4
21. Bg4 h5 22. Bxh5 Qf5 23. e3 Rd7 24. Qa6 Nb3 25. g4 Qe5 26. Qa4 Nc5 27. Qb5
Qe7 28. Qc4 Nd3 29. b4 Qf6 30. Qb5 Ne5 31. Rad1 Red8 32. Rxd7 Rxd7 33. Rc1 Qd6
34. Rc8+ Kh7 35. Rc1 Nf3+ 36. Kf1 g6 37. Qc4 Qxh2 38. Qxe4 Qh1+ 39. Ke2 Rd2#
0-1

[Event "Первенство Москвы по шахматам среди маль"]
[Site "Москва"]
[Date "2016.11.12"]
[Round "1.11"]
[White "Levkin, Lev"]
[Black "Nasyrov, Anton"]
[Result "1-0"]
[WhiteElo "1711"]
[BlackElo "1485"]
[PlyCount "73"]
[EventDate "2016.11.12"]

1. d4 f5 2. c4 e6 3. Nc3 Nf6 4. g3 d5 5. cxd5 exd5 6. Bg5 c6 7. Nf3 Bd6 8. e3
O-O 9. Bd3 Qe8 10. Bxf6 Rxf6 11. Qe2 Bb4 12. Ne5 Nd7 13. f4 Nxe5 14. fxe5 Rg6
15. O-O Rg5 16. Rf4 Bxc3 17. bxc3 c5 18. Qc2 cxd4 19. exd4 Qc6 20. Raf1 Bd7 21.
Bxf5 Bxf5 22. Rxf5 Rxf5 23. Qxf5 Qe8 24. e6 Rd8 25. Qe5 Qg6 26. e7 Qe8 27.
exd8=Q Qxd8 28. Qe6+ Kh8 29. Qf7 g6 30. Qf8+ Qxf8 31. Rxf8+ Kg7 32. Rd8 Kf6 33.
Rxd5 Ke6 34. Re5+ Kd6 35. Kf2 b6 36. Ke3 h5 37. Rg5 1-0

[Event "Первенство Москвы по шахматам среди маль"]
[Site "Москва"]
[Date "2016.11.12"]
[Round "1.12"]
[White "Brutian, Kristian"]
[Black "Fridman, Roman A"]
[Result "0-1"]
[WhiteElo "1481"]
[BlackElo "1693"]
[PlyCount "106"]
[EventDate "2016.11.12"]

1. e4 e5 2. Nf3 Nc6 3. Bb5 a6 4. Ba4 Nf6 5. O-O Be7 6. Re1 b5 7. Bb3 O-O 8. Nc3
d6 9. d3 Bg4 10. Be3 Nd4 11. Bxd4 exd4 12. Nd5 c5 13. Nxf6+ Bxf6 14. Bd5 Rc8
15. b3 Be5 16. h3 Bxf3 17. Qxf3 Kh8 18. Qg4 g6 19. f4 Bg7 20. f5 h5 21. Qf3 Qg5
22. Rf1 Be5 23. Rac1 Qe3+ 24. Qxe3 dxe3 25. Rce1 Bd4 26. Kh1 b4 27. Rf3 Kg7 28.
Kg1 g5 29. Kf1 Kf6 30. Ke2 g4 31. hxg4 hxg4 32. Rff1 Rh8 33. Rh1 Rcf8 34. Ref1
Kg5 35. Rxh8 Rxh8 36. Bxf7 Rh2 37. Rg1 Kf4 38. Bd5 Kg3 39. Bc6 Be5 40. Kf1 a5
41. Bd5 e2+ 42. Kxe2 Bd4 43. Rf1 Rxg2+ 44. Ke1 Rxc2 45. f6 Rc1+ 46. Ke2 Rxf1
47. Kxf1 Bxf6 48. Kg1 Be5 49. Bc6 Kf3 50. Bb5 Ke3 51. Bc4 Kd2 52. Kf2 g3+ 53.
Kf3 Kc2 0-1

[Event "Первенство Москвы по шахматам среди маль"]
[Site "Москва"]
[Date "2016.11.12"]
[Round "1.13"]
[White "Titov, Alexander"]
[Black "Kireev, Igor"]
[Result "0-1"]
[WhiteElo "1691"]
[BlackElo "1479"]
[PlyCount "96"]
[EventDate "2016.11.12"]

1. d4 d5 2. Nf3 Nf6 3. c4 e6 4. Nc3 Be7 5. g3 c6 6. Bg2 O-O 7. O-O Nbd7 8. Qc2
Re8 9. Bf4 Nf8 10. c5 Ng6 11. b4 Nxf4 12. gxf4 a6 13. a4 Qc7 14. e3 Nd7 15.
Rfb1 f6 16. Bh3 Bf8 17. Ne2 g6 18. Ng3 Bg7 19. Ra2 e5 20. dxe5 fxe5 21. f5 e4
22. Nd4 Ne5 23. Bg2 Qf7 24. fxg6 hxg6 25. b5 axb5 26. axb5 Rxa2 27. Qxa2 Nf3+
28. Nxf3 exf3 29. Bf1 Be5 30. bxc6 bxc6 31. Re1 Qh7 32. e4 Bh3 33. Bd3 Bxg3 34.
fxg3 Qf7 35. Kf2 Qf6 36. Re3 Qd4 37. Qb3 Kh8 38. e5 Kg7 39. Qb7+ Kf8 40. Kxf3
Re7 41. Qb8+ Kg7 42. Ke2 Rf7 43. Kd2 Rf2+ 44. Re2 Rf3 45. Qb1 Bf1 46. Ke1 Bxe2
47. Kxe2 Qe3+ 48. Kd1 Qxd3+ 0-1

[Event "Первенство Москвы по шахматам среди маль"]
[Site "Москва"]
[Date "2016.11.12"]
[Round "1.14"]
[White "Knjazev, Artem"]
[Black "Kirushin, Ivan"]
[Result "1-0"]
[WhiteElo "1476"]
[BlackElo "1671"]
[PlyCount "75"]
[EventDate "2016.11.12"]

1. e4 e5 2. Nf3 Nc6 3. Bb5 Bc5 4. Bxc6 dxc6 5. O-O Bg4 6. h3 Bh5 7. g4 Bg6 8.
Nxe5 Qe7 9. Nxg6 hxg6 10. Qf3 O-O-O 11. d3 Nf6 12. Bg5 Rh7 13. Bxf6 gxf6 14.
Kg2 Rdh8 15. Rh1 Qe5 16. c3 Qg5 17. b4 Bd6 18. a4 Kb8 19. Na3 c5 20. b5 Be5 21.
Rac1 Bf4 22. Rc2 Rh4 23. Kf1 f5 24. gxf5 gxf5 25. Nc4 fxe4 26. dxe4 f5 27. Na5
Kc8 28. e5 Bxe5 29. Qxb7+ Kd7 30. Qc6+ Ke7 31. Qxc5+ Kf6 32. Nc6 Bd6 33. Qe3
Qh5 34. Re2 Qf7 35. Rg1 R8h5 36. Nd8 f4 37. Qd4+ Be5 38. Rxe5 1-0

[Event "Первенство Москвы по шахматам среди маль"]
[Site "Москва"]
[Date "2016.11.12"]
[Round "1.15"]
[White "Soloviev, Vladislav"]
[Black "Dorofeev, Fedor"]
[Result "1-0"]
[WhiteElo "1669"]
[BlackElo "1460"]
[PlyCount "87"]
[EventDate "2016.11.12"]

1. e4 a6 2. d4 b5 3. Nf3 Bb7 4. Bd3 e6 5. O-O c5 6. dxc5 Bxc5 7. Bg5 Be7 8.
Bxe7 Nxe7 9. Nbd2 O-O 10. a3 d5 11. exd5 Nxd5 12. Ne4 Nd7 13. Nd6 Qb6 14. Nxb7
Qxb7 15. Ng5 h6 16. Ne4 Ne5 17. Re1 Nxd3 18. Qxd3 Rfd8 19. Rad1 Qe7 20. Nc3
Nxc3 21. Qxc3 Rxd1 22. Rxd1 Rd8 23. Rd3 Rxd3 24. Qxd3 Qc7 25. h3 f6 26. Qg6 e5
27. Qd3 Kf7 28. Qb3+ Ke7 29. a4 Qd7 30. axb5 axb5 31. c4 bxc4 32. Qxc4 Kd6 33.
Kf1 Qc6 34. Qb4+ Qc5 35. Qb7 Qc7 36. Qxc7+ Kxc7 37. Ke2 Kd6 38. Ke3 Kd5 39. f4
g6 40. g4 Ke6 41. fxe5 f5 42. gxf5+ Kxf5 43. Kd4 Ke6 44. b4 1-0

[Event "Первенство Москвы по шахматам среди маль"]
[Site "Москва"]
[Date "2016.11.12"]
[Round "1.16"]
[White "Trofimov, Boris"]
[Black "Akhmetshin, Alexander"]
[Result "0-1"]
[WhiteElo "1441"]
[BlackElo "1666"]
[PlyCount "126"]
[EventDate "2016.11.12"]

1. e4 e6 2. d4 d5 3. exd5 exd5 4. Bd3 Bd6 5. h3 Nc6 6. c3 Nge7 7. Qc2 h6 8. Be3
Be6 9. Nd2 Qd7 10. O-O-O Bf5 11. Ne2 Bxd3 12. Qxd3 Qf5 13. Qxf5 Nxf5 14. Rhe1
Nxe3 15. fxe3 O-O-O 16. e4 dxe4 17. Nxe4 Rhe8 18. Nxd6+ Rxd6 19. Nf4 Rxe1 20.
Rxe1 g5 21. Nd3 b6 22. Rf1 f6 23. Nf2 f5 24. g4 f4 25. Kd2 Kd7 26. Ne4 Re6 27.
Kd3 Nd8 28. Rf3 Nf7 29. h4 Nd6 30. Nf2 Re3+ 31. Rxe3 fxe3 32. Kxe3 Nc4+ 33. Kf3
gxh4 34. b3 Nd2+ 35. Kg2 Nb1 36. Nd1 Nd2 37. Kh3 Nf3 38. Ne3 Ke6 39. Nf5 Kd5
40. Nxh4 Ng5+ 41. Kg2 Ne4 42. c4+ Kxd4 43. Nf5+ Kc3 44. Kf3 Ng5+ 45. Kf4 Kb2
46. Nd4 c5 47. Nc6 Kxa2 48. Ke3 Kxb3 49. Nxa7 Kxc4 50. Kd2 b5 51. Kc2 b4 52.
Nc6 Nf3 53. Kb2 Kb5 54. Ne7 c4 55. Nf5 c3+ 56. Kc1 b3 57. Nxh6 Kb4 58. Nf5 b2+
59. Kc2 Ne1+ 60. Kb1 Ka3 61. Nd4 c2+ 62. Nxc2+ Nxc2 63. Kxc2 Ka2 0-1

[Event "Первенство Москвы по шахматам среди маль"]
[Site "Москва"]
[Date "2016.11.12"]
[Round "1.17"]
[White "Ivanov, Artem T"]
[Black "Kim, Andrey"]
[Result "1-0"]
[WhiteElo "1660"]
[BlackElo "1440"]
[PlyCount "47"]
[EventDate "2016.11.12"]

1. e4 e6 2. d4 d5 3. Nd2 Nf6 4. e5 Nfd7 5. Bd3 c5 6. c3 Nc6 7. Ne2 Qb6 8. Nf3
Be7 9. O-O h6 10. Bc2 cxd4 11. cxd4 Qd8 12. Ne1 b6 13. Nf4 Nf8 14. Ba4 Bd7 15.
Nh5 Rg8 16. Qg4 g5 17. h4 f5 18. exf6 Bxf6 19. Nf3 Nb4 20. Bxd7+ Kxd7 21. Ne5+
Bxe5 22. dxe5 Rg6 23. Qxb4 gxh4 24. Nf6+ 1-0

[Event "Первенство Москвы по шахматам среди маль"]
[Site "Москва"]
[Date "2016.11.12"]
[Round "1.18"]
[White "Zherdev, Sviatoslav"]
[Black "Tarasov, Danila"]
[Result "0-1"]
[WhiteElo "1412"]
[BlackElo "1659"]
[PlyCount "71"]
[EventDate "2016.11.12"]

1. e4 Nf6 2. e5 Nd5 3. d4 d6 4. Nf3 g6 5. c4 Nb6 6. exd6 cxd6 7. h3 Bg7 8. Be2
O-O 9. O-O Nc6 10. Nc3 Bf5 11. Be3 e5 12. d5 Ne7 13. b3 Rc8 14. Re1 Bd7 15. Rc1
f5 16. Rc2 e4 17. Nd4 f4 18. Bc1 f3 19. Bf1 Nf5 20. Nxf5 Bxf5 21. g4 e3 22.
gxf5 exf2+ 23. Rxf2 Bxc3 24. Re6 Qh4 25. Rxf3 Bd4+ 26. Kh1 Be5 27. f6 Bxf6 28.
Be3 Be5 29. a4 Rxf3 30. Qxf3 Rf8 31. Qg2 Nd7 32. Bg5 Qd4 33. Be3 Bg7 34. a5 Qa1
35. Kg1 Ne5 36. Qe4 0-1

[Event "Первенство Москвы по шахматам среди маль"]
[Site "Москва"]
[Date "2016.11.12"]
[Round "1.19"]
[White "Kozlov, Kirill"]
[Black "Pryamikov, Dmitriy"]
[Result "1-0"]
[WhiteElo "1654"]
[BlackElo "1398"]
[PlyCount "67"]
[EventDate "2016.11.12"]

1. Nf3 d5 2. d4 Nf6 3. g3 Bf5 4. Bg2 e6 5. Nbd2 Bd6 6. c4 O-O 7. Nh4 Bg6 8. Qb3
Nc6 9. Nxg6 hxg6 10. cxd5 exd5 11. e3 Bb4 12. a3 Bxd2+ 13. Bxd2 b6 14. Rc1 Ne7
15. Bb4 Re8 16. O-O a5 17. Bxe7 Rxe7 18. Rc6 Rc8 19. Rfc1 Qd7 20. h4 Nh7 21.
Bxd5 Nf8 22. Kh2 Ne6 23. Bxe6 Rxe6 24. Rxe6 Qxe6 25. Qxe6 fxe6 26. Kg2 Kf7 27.
Kf3 Kf6 28. Rc6 Ke7 29. Ke4 Kd7 30. d5 exd5+ 31. Kxd5 Rf8 32. Rxg6 Rxf2 33.
Rxg7+ Kc8 34. h5 1-0

[Event "Первенство Москвы по шахматам среди маль"]
[Site "Москва"]
[Date "2016.11.12"]
[Round "1.20"]
[White "Vorobiev-Achinovich, Ivan"]
[Black "Zurabian, Vage"]
[Result "1-0"]
[WhiteElo "1378"]
[BlackElo "1649"]
[PlyCount "43"]
[EventDate "2016.11.12"]

1. c4 Nf6 2. d4 g6 3. Nc3 Bg7 4. Nf3 O-O 5. g3 d6 6. Bg2 Nbd7 7. O-O e5 8. dxe5
Nxe5 9. Nxe5 dxe5 10. Bg5 c6 11. Rc1 Be6 12. Qxd8 Raxd8 13. Ne4 Nxe4 14. Bxd8
Nd2 15. Be7 Re8 16. Rfd1 Nxc4 17. Rd8 Rxd8 18. Bxd8 Nxb2 19. Rb1 Na4 20. Bc7
Bxa2 21. Rxb7 Nc3 22. Rxa7 1-0

[Event "Первенство Москвы по шахматам среди маль"]
[Site "Москва"]
[Date "2016.11.12"]
[Round "1.21"]
[White "Kuprin, Alexander"]
[Black "Kazakov, Gleb"]
[Result "1-0"]
[WhiteElo "1648"]
[BlackElo "1366"]
[PlyCount "63"]
[EventDate "2016.11.12"]

1. e4 e5 2. Nf3 Nc6 3. Bc4 Bc5 4. O-O Nf6 5. d3 O-O 6. Bg5 Be7 7. Nc3 d6 8. h3
Na5 9. Bb3 Nxb3 10. axb3 Nd7 11. Bxe7 Qxe7 12. Nb5 c6 13. Nxa7 Qf6 14. Nxc8
Rfxc8 15. c3 Nb6 16. d4 Rxa1 17. Qxa1 Ra8 18. Qd1 exd4 19. Nxd4 Qf4 20. Re1 Ra2
21. Qb1 Ra8 22. Re3 Re8 23. Rg3 Qxe4 24. Qxe4 Rxe4 25. Nf5 g6 26. Nxd6 Re1+ 27.
Kh2 Re2 28. f4 Rxb2 29. c4 Re2 30. c5 Nd7 31. Nxb7 Ra2 32. Rd3 1-0

[Event "Первенство Москвы по шахматам среди маль"]
[Site "Москва"]
[Date "2016.11.12"]
[Round "1.22"]
[White "Denisov, Mikhail"]
[Black "Vdovin, Georgy"]
[Result "0-1"]
[WhiteElo "1365"]
[BlackElo "1637"]
[PlyCount "49"]
[EventDate "2016.11.12"]

1. d4 d5 2. Nf3 Nf6 3. Bf4 Bf5 4. e3 e6 5. c4 Be7 6. Nc3 O-O 7. Be2 c6 8. O-O
Nbd7 9. h3 Ne4 10. Rc1 Bb4 11. Qb3 Bxc3 12. bxc3 Qb6 13. cxd5 cxd5 14. c4 Qxb3
15. axb3 Rac8 16. Rfd1 b6 17. g4 Bg6 18. cxd5 exd5 19. Ba6 Rc3 20. Rxc3 Nxc3
21. Rc1 Na2 22. Rc7 Nb4 23. Bb5 Nf6 24. Bd6 Rd8 25. Bxb4 0-1

[Site "РњРѕСЃРєРІР°"]
[Date "2016.11.12"]
[Round "1.23"]
[White "Ochirov, Lidzhi"]
[Black "Makshanov, Matvey"]
[Result "1-0"]
[WhiteElo "1628"]
[BlackElo "1353"]
[PlyCount "0"]
[EventDate "2016.11.12"]

*

[Event "Первенство Москвы по шахматам среди маль"]
[Site "Москва"]
[Date "2016.11.12"]
[Round "1.24"]
[White "Sheyafetdinov, Daniil"]
[Black "Gubanov, Timofey"]
[Result "0-1"]
[WhiteElo "1339"]
[BlackElo "1624"]
[PlyCount "104"]
[EventDate "2016.11.12"]

1. d4 d5 2. c4 c6 3. cxd5 cxd5 4. Nf3 Nc6 5. Bf4 Nf6 6. e3 g6 7. Bd3 Bg4 8. h3
Bxf3 9. Qxf3 Bg7 10. O-O O-O 11. Nc3 Re8 12. Bb5 Rc8 13. Rac1 h6 14. Be5 e6 15.
Bxf6 Qxf6 16. Qxf6 Bxf6 17. a3 a6 18. Bd3 Na5 19. Rfe1 b5 20. a4 Nb3 21. Rc2 b4
22. Na2 a5 23. Rce2 Rc7 24. Bc2 Nxd4 25. exd4 Bxd4 26. Bb3 Rec8 27. Rd2 Bf6 28.
Ree2 Kf8 29. Bd1 Rb8 30. b3 Rbc8 31. Rc2 Bc3 32. Re3 d4 33. Rd3 e5 34. f3 f5
35. Re2 Re8 36. Nxc3 bxc3 37. Bc2 Kf7 38. Rd1 Rd7 39. Rd3 Re6 40. Rd1 Ke7 41.
Kf2 Kd6 42. g4 Rf7 43. gxf5 gxf5 44. b4 axb4 45. Bb3 Rfe7 46. Bxe6 Rxe6 47. Rc2
Kc5 48. Ke2 e4 49. f4 d3+ 50. Rxd3 exd3+ 51. Kxd3 Rd6+ 52. Ke3 Kc4 0-1

[Event "Первенство Москвы по шахматам среди маль"]
[Site "Москва"]
[Date "2016.11.12"]
[Round "1.25"]
[White "Karlov, Egor"]
[Black "Pankin, Pavel"]
[Result "1-0"]
[WhiteElo "1623"]
[BlackElo "1301"]
[PlyCount "51"]
[EventDate "2016.11.12"]

1. d4 d5 2. c4 e6 3. Nc3 Nf6 4. e3 c5 5. dxc5 Bxc5 6. cxd5 exd5 7. Bb5+ Bd7 8.
Bxd7+ Qxd7 9. Nf3 Nc6 10. O-O Rd8 11. a3 Bb6 12. b4 Bc7 13. Bb2 O-O 14. Nb5 Bb8
15. Bxf6 gxf6 16. Nbd4 Ne5 17. h3 Kh8 18. Nh4 Rg8 19. Nhf5 Nc6 20. Qf3 Rg5 21.
h4 Nxd4 22. Nxd4 Rg4 23. Qxf6+ Kg8 24. Nf5 Rg6 25. Ne7+ Kf8 26. Nxg6+ 1-0

[Event "Первенство Москвы по шахматам среди маль"]
[Site "Москва"]
[Date "2016.11.12"]
[Round "1.26"]
[White "Ratataev, Ilya"]
[Black "Gofman, Lev"]
[Result "0-1"]
[WhiteElo "1262"]
[BlackElo "1622"]
[PlyCount "68"]
[EventDate "2016.11.12"]

1. e4 c5 2. c3 e5 3. Nf3 Nc6 4. Bb5 d6 5. d4 cxd4 6. cxd4 Qb6 7. Qa4 Bd7 8. Nc3
a6 9. Be3 Qd8 10. Bxc6 Bxc6 11. Qb3 exd4 12. Bxd4 Nf6 13. O-O Be7 14. Rfe1 O-O
15. Rad1 Qc7 16. Rc1 Qd7 17. h3 Rac8 18. Rcd1 Rcd8 19. Bb6 Rc8 20. Nd4 Rce8 21.
Nxc6 Qxc6 22. Rd3 Nd7 23. Na4 Bf6 24. f3 Nxb6 25. Nxb6 Qc5+ 26. Kh1 Qf2 27.
Red1 Rd8 28. Nc4 Qg3 29. Qxb7 Bg5 30. Kg1 Bf4 31. Ne3 Rc8 32. Qb3 Rc5 33. Qb6
Rfc8 34. Nf5 Qh2+ 0-1

[Event "Первенство Москвы по шахматам среди маль"]
[Site "Москва"]
[Date "2016.11.12"]
[Round "1.27"]
[White "Kurus, Artem"]
[Black "Khegay, Ivan"]
[Result "1-0"]
[WhiteElo "1598"]
[BlackElo "1206"]
[PlyCount "67"]
[EventDate "2016.11.12"]

1. c4 e5 2. g3 c6 3. Bg2 Nf6 4. Nc3 Bb4 5. Nf3 e4 6. Nd4 d5 7. Qb3 Bc5 8. Nc2
Be6 9. cxd5 cxd5 10. Qxb7 Nbd7 11. b4 Rb8 12. Qa6 Bb6 13. O-O O-O 14. d3 exd3
15. Qxd3 Ne5 16. Qd1 Nc4 17. Bg5 d4 18. Ne4 Bf5 19. Bxf6 gxf6 20. Rc1 Re8 21.
Nc5 Nb2 22. Qxd4 Bxc5 23. Qxc5 Re5 24. Qc3 Na4 25. Qb3 Nc5 26. Qc4 Rc8 27. bxc5
Rexc5 28. Qf4 Bxc2 29. Be4 Bxe4 30. Rxc5 Rxc5 31. Qxe4 Re5 32. Qg4+ Rg5 33. Qf3
Qe7 34. e3 1-0

[Event "Первенство Москвы по шахматам среди маль"]
[Site "Москва"]
[Date "2016.11.12"]
[Round "1.29"]
[White "Larichev, Prokhor"]
[Black "Dubinenko, Konstantin"]
[Result "1-0"]
[WhiteElo "1579"]
[BlackElo "1519"]
[PlyCount "51"]
[EventDate "2016.11.12"]

1. e4 e5 2. Nf3 Nc6 3. Bb5 g6 4. Bxc6 dxc6 5. Nc3 Bg7 6. h3 Ne7 7. d3 h6 8. Be3
O-O 9. Qd2 Kh7 10. O-O f5 11. exf5 Nxf5 12. Bc5 Re8 13. Rae1 b6 14. Be3 Ba6 15.
Ne4 Nd6 16. Nxd6 Qxd6 17. Nh2 e4 18. Bf4 Qd7 19. Ng4 h5 20. Nh2 exd3 21. Nf3
Re2 22. Rxe2 dxe2 23. Re1 Qxd2 24. Bxd2 Rd8 25. Bg5 Kg8 26. Bxd8 1-0

[Event "Первенство Москвы"]
[Site "РњРѕСЃРєРІР°"]
[Date "2016.11.13"]
[Round "2.1"]
[White "Gubanov, Timofey"]
[Black "Makoveev, Ilya"]
[Result "0-1"]
[WhiteElo "1624"]
[BlackElo "2218"]
[PlyCount "56"]
[EventDate "2016.11.12"]

1. d4 Nf6 2. Nf3 e6 3. Bg5 c5 4. e3 Nc6 5. c4 cxd4 6. exd4 Qb6 7. Bc1 Bb4+ 8.
Bd2 O-O 9. Bc3 e5 10. dxe5 Ng4 11. Qc2 Bc5 12. Ng5 Bxf2+ 13. Kd2 Qe3+ 14. Kd1
Qxg5 15. Bd2 Be3 16. Kc1 Ncxe5 17. h3 Nf2 18. h4 Bxd2+ 19. Nxd2 Qe3 20. Be2
Qxe2 21. b3 Nxh1 22. Ne4 Nd3+ 23. Qxd3 Qxd3 24. Nf6+ gxf6 25. Kb2 Qd2+ 26. Kb1
d5 27. g4 Bxg4 28. cxd5 Bf5# 0-1

[Site "РњРѕСЃРєРІР°"]
[Date "2016.11.13"]
[Round "2.2"]
[White "Tsvetkov, Andrey"]
[Black "Ochirov, Lidzhi"]
[Result "*"]
[WhiteElo "2079"]
[BlackElo "1628"]
[PlyCount "0"]
[EventDate "2016.11.12"]

*

[Site "РњРѕСЃРєРІР°"]
[Date "2016.11.13"]
[Round "2.3"]
[White "Vasilyev, Alexey"]
[Black "Karlov, Egor"]
[Result "*"]
[WhiteElo "1857"]
[BlackElo "1623"]
[PlyCount "0"]
[EventDate "2016.11.12"]

*

[Site "РњРѕСЃРєРІР°"]
[Date "2016.11.13"]
[Round "2.4"]
[White "Gofman, Lev"]
[Black "Arbuzov, Timofey"]
[Result "*"]
[WhiteElo "1622"]
[BlackElo "1811"]
[PlyCount "0"]
[EventDate "2016.11.12"]

*

[Site "РњРѕСЃРєРІР°"]
[Date "2016.11.13"]
[Round "2.5"]
[White "Chervonenkis, Boris"]
[Black "Kurus, Artem"]
[Result "*"]
[WhiteElo "1804"]
[BlackElo "1598"]
[PlyCount "0"]
[EventDate "2016.11.12"]

*

[Site "РњРѕСЃРєРІР°"]
[Date "2016.11.13"]
[Round "2.6"]
[White "Makhlin, Miron"]
[Black "Yudin, Mikhail"]
[Result "*"]
[WhiteElo "1777"]
[BlackElo "1585"]
[PlyCount "0"]
[EventDate "2016.11.12"]

*

[Event "Первенство Москвы"]
[Site "РњРѕСЃРєРІР°"]
[Date "2016.11.13"]
[Round "2.7"]
[White "Timofeev, Lev"]
[Black "Larichev, Prokhor"]
[Result "1-0"]
[WhiteElo "1714"]
[BlackElo "1579"]
[PlyCount "135"]
[EventDate "2016.11.12"]

1. e4 c5 2. Nf3 e6 3. d4 cxd4 4. Nxd4 a6 5. Bd3 Ne7 6. O-O Nbc6 7. Nxc6 Nxc6 8.
Be3 Qc7 9. f4 d6 10. Nd2 Be7 11. Kh1 Bd7 12. Nc4 b5 13. Nb6 Rb8 14. Nxd7 Qxd7
15. f5 e5 16. Qg4 Bf6 17. Qg3 Qe7 18. a4 O-O 19. axb5 axb5 20. Ra6 Rfc8 21.
Rfa1 Qd8 22. Qf2 Kh8 23. Bb6 Qe7 24. Bxb5 Nb4 25. Ra7 Qf8 26. c3 Nc6 27. Bxc6
Rxc6 28. Be3 Rc4 29. Qc2 Rbc8 30. Qd3 R4c7 31. Qd5 Qe7 32. Bb6 Rxa7 33. Rxa7
Qe8 34. c4 Bd8 35. Bxd8 Qxd8 36. Qxf7 Qg5 37. Ra1 Qd2 38. f6 Qg5 39. fxg7+ Qxg7
40. Qxg7+ Kxg7 41. Rc1 Kf6 42. g3 Kg5 43. Kg2 Rb8 44. Rc2 Rb4 45. Kf2 Kg4 46.
Ke2 h5 47. Kd2 Kf3 48. Kc3 Rb6 49. Rd2 Kxe4 50. b4 Ke3 51. Rd3+ Ke4 52. Rd1 Kf3
53. b5 e4 54. Kd4 Ke2 55. Ra1 e3 56. Ra2+ Kf3 57. Ra3 Kg2 58. Rxe3 Kxh2 59. Rd3
Kg2 60. Kd5 Kf2 61. Ke4 Kg2 62. Rd5 Kxg3 63. Rxh5 Rb8 64. Kd5 Rc8 65. Kxd6 Rxc4
66. b6 Rb4 67. Kc6 Kf4 68. Rb5 1-0

[Event "Первенство Москвы"]
[Site "РњРѕСЃРєРІР°"]
[Date "2016.11.13"]
[Round "2.8"]
[White "Gerasimov, Vadim"]
[Black "Levkin, Lev"]
[Result "0-1"]
[WhiteElo "1566"]
[BlackElo "1711"]
[PlyCount "72"]
[EventDate "2016.11.12"]

1. e4 c5 2. Nf3 Nc6 3. d4 cxd4 4. Nxd4 Nf6 5. Nc3 e5 6. Ndb5 d6 7. Bg5 a6 8.
Na3 b5 9. Nd5 Be7 10. Bxf6 Bxf6 11. c3 Bg5 12. Nc2 O-O 13. Bd3 Be6 14. Ncb4
Bxd5 15. Nxd5 Ne7 16. Bc2 Rc8 17. a3 g6 18. Bb3 Kh8 19. O-O f5 20. Qe2 Rc5 21.
Rad1 Qa8 22. Nxe7 Bxe7 23. Bd5 Qc8 24. f3 f4 25. Qc2 g5 26. Qb3 Rf6 27. h3 Bd8
28. Kh1 Bb6 29. Rd3 Rh6 30. Kh2 Rc7 31. Qd1 Rg7 32. Ba2 Rgg6 33. Bf7 Rf6 34.
Ba2 Rxh3+ 35. gxh3 Rh6 36. Rd4 Qxh3+ 0-1

[Event "Первенство Москвы"]
[Site "РњРѕСЃРєРІР°"]
[Date "2016.11.13"]
[Round "2.9"]
[White "Fridman, Roman A"]
[Black "Dunaev, Denis"]
[Result "1-0"]
[WhiteElo "1693"]
[BlackElo "1559"]
[PlyCount "97"]
[EventDate "2016.11.12"]

1. e4 e6 2. d4 d5 3. Nd2 Nc6 4. Ngf3 Nf6 5. e5 Nd7 6. Bb5 f6 7. Nb3 Be7 8. Bxc6
bxc6 9. Na5 Nb8 10. O-O O-O 11. exf6 Bxf6 12. c3 Qd6 13. Re1 Ba6 14. g3 c5 15.
Nb3 cxd4 16. cxd4 Nd7 17. Bf4 Qb6 18. Rc1 Rac8 19. Ne5 Nxe5 20. Bxe5 Bc4 21.
Nc5 Bxe5 22. Rxe5 Qxb2 23. Rc2 Qb5 24. Nxe6 Rf7 25. Nf4 c6 26. Qc1 Rb8 27. Qe3
Rbf8 28. Qd2 Rb8 29. Ng2 Qb1+ 30. Re1 Qb7 31. Ne3 Bb5 32. Rb1 Qc8 33. Rbc1 Rfb7
34. Nxd5 Qd7 35. Ne3 Rd8 36. d5 cxd5 37. Rb1 Bc6 38. Rxb7 Bxb7 39. Qd4 Bc6 40.
Rb2 Ba8 41. Ng4 Rc8 42. Ne5 Qh3 43. Nd3 Qd7 44. Nf4 Kf7 45. Rd2 Rc1+ 46. Kg2
Rc4 47. Qd3 d4+ 48. f3 Rc3 49. Qxc3 1-0

[Event "Первенство Москвы"]
[Site "РњРѕСЃРєРІР°"]
[Date "2016.11.13"]
[Round "2.10"]
[White "Ivanov, Stepan"]
[Black "Soloviev, Vladislav"]
[Result "1-0"]
[WhiteElo "1558"]
[BlackElo "1669"]
[PlyCount "63"]
[EventDate "2016.11.12"]

1. d4 Nf6 2. Nf3 g6 3. Nc3 d5 4. Bf4 Bg7 5. e3 O-O 6. Be2 Bg4 7. h3 Bxf3 8.
Bxf3 c6 9. h4 Nfd7 10. g4 e5 11. Bg3 exd4 12. exd4 Re8+ 13. Ne2 Qf6 14. Qd3
Qxd4 15. Qxd4 Bxd4 16. O-O-O Bg7 17. g5 Ne5 18. Bg2 Nc4 19. Nd4 Nd7 20. b3 Nce5
21. Bh3 f5 22. gxf6 Nxf6 23. Ne6 Ne4 24. Nc7 Nc3 25. Nxe8 Bh6+ 26. Kb2 Nxd1+
27. Rxd1 Rxe8 28. a4 Bg7 29. Kc1 Nf7 30. Bg4 Be5 31. f4 Bd6 32. Kd2 1-0